| 000 | ncm a22 a 4500 | ||
|---|---|---|---|
| 999 |
_c352248 _d352248 |
||
| 003 | BLK | ||
| 005 | 20201007040710.0 | ||
| 008 | 200401b bu ||||| |||| 00| 0 bu d | ||
| 040 | _aBLK | ||
| 041 |
_aBUL _cBUL |
||
| 080 |
_aАлтхорн, кавал, гайда и др. Учебна литература _b788.91.087.5 _z788.91.087.5 |
||
| 100 |
_aВасилев, Милчо _eпърви автор _91299 |
||
| 139 |
_aВасилев, Милчо _bВ 24 |
||
| 245 |
_aГами и технически упражнения за кавал _bНотирана музика _cМилчо Василев |
||
| 260 |
_9209430 _aСофия _bМузика _c1982 |
||
| 300 |
_a1 партитура (58 с.) _c30 см |
||
| 380 | _a7 | ||
| 650 | 7 |
_9158071 _aКавал |
|
| 653 | 7 |
_9198318 _aтехнически упражнения |
|
| 852 |
_aЦб М ІІ 8799 _bЦб |
||
| 942 |
_cNOT _n0 _s1 |
||
| 944 |
_aCR _c2020-04-07 _kВ. Т. |
||
| 944 |
_aED _c2020-07-08 _kГГГ |
||
| 999 | _d352248 | ||
| 999 | _d350397 | ||
| 999 | _d350375 | ||
| 999 | _d350374 | ||
| 999 | _d350372 | ||
| 999 | _d350368 | ||
| 999 | _d350366 | ||
| 999 | _d350365 | ||
| 999 | _d350362 | ||
| 999 | _d350360 | ||
| 999 | _d350358 | ||
| 999 | _d350354 | ||
| 999 | _d350352 | ||
| 999 | _d350348 | ||
| 999 | _d350346 | ||
| 999 | _d350342 | ||